সূয্যি মামার রথে : (Record no. 61479)
[ view plain ]
| 000 -LEADER | |
|---|---|
| fixed length control field | 00952nam a2200217 a 4500 |
| 001 - CONTROL NUMBER | |
| control field | 61479 |
| 003 - CONTROL NUMBER IDENTIFIER | |
| rucl marc code | BD-RjUL |
| 005 - DATE AND TIME OF LATEST TRANSACTION | |
| control field | 20211209080953.0 |
| 008 - FIXED-LENGTH DATA ELEMENTS--GENERAL INFORMATION | |
| fixed length control field | 170118s1955 bg ||||| |||| 00| 0 ben d |
| 035 ## - SYSTEM CONTROL NUMBER | |
| System control number | (BD-RjUL)61603 |
| 040 ## - CATALOGING SOURCE | |
| Original cataloging agency | BD-RjUL |
| Language of cataloging | ben |
| Transcribing agency | BD-RjUL |
| 041 ## - LANGUAGE CODE | |
| Language code of text/sound track or separate title | ben |
| 082 ## - DEWEY DECIMAL CLASSIFICATION NUMBER | |
| Edition number | 23 |
| Classification number | 398.2 |
| Author mark and year | SUJ 1955 |
| 245 00 - TITLE STATEMENT | |
| Title | সূয্যি মামার রথে : |
| Remainder of title | জাতিসংঘের অন্তর্গত পাকিস্তান্সহ বিভিন্ন দেশের গল্প ও লোক-কাহিনী চয়নিকা / |
| 260 ## - PUBLICATION, DISTRIBUTION, ETC. (IMPRINT) | |
| Place of publication, distribution, etc. | ঢাকা : |
| Name of publisher, distributor, etc. | স্ট্যান্ডার্ড পাবলিকেশন্স, |
| Date of publication, distribution, etc. | ১৯৫৫ |
| 300 ## - PHYSICAL DESCRIPTION | |
| Pagination | ২৩৯ পৃ. ; |
| Size | ১৭ সেমি. |
| 650 ## - SUBJECT ADDED ENTRY--TOPICAL TERM | |
| Topical term or geographic name as entry element | টেলস |
| 9 (RLIN) | 171326 |
| Topical term or geographic name as entry element | Tales |
| 9 (RLIN) | 175744 |
| 700 ## - ADDED ENTRY--PERSONAL NAME | |
| Personal name | কুতল্যানডার, হ্যারল্ড, সম্পাদক |
| 942 ## - ADDED ENTRY ELEMENTS (KOHA) | |
| Source of classification or shelving scheme | Dewey Decimal Classification |
| Koha item type | Books |
| Lost status | Source of classification or shelving scheme | Damaged status | Not for loan | Collection code | Permanent Location | Current Location | Shelving location | Date acquired | Source of acquisition | Total Checkouts | Full call number | Date last seen | Copy number | Koha item type |
|---|---|---|---|---|---|---|---|---|---|---|---|---|---|---|
| Dewey Decimal Classification | Not For Loan | Non-fiction | Central Library, University of Rajshahi | Central Library, University of Rajshahi | Reading Room | 22/04/1959 | Asia foundation | B 398.2 SUJ 1955 | 18/01/2017 | C-1 | Books |